Aliens Attack! Quiz Stats

 Plays Quiz Updated May 12, 2016

Also try: Movie by Alien
Challenge
Share
Tweet
Score 0/20 Timer 06:00
4 Plays Today
% Correct
Thor
92.2%
Independence Day
91.2%
War of the Worlds
83.4%
Mars Attacks!
80.4%
Predator
79.6%
The Blob
75.8%
Signs
74.5%
Men in Black
73.5%
Cowboys & Aliens
71.3%
Superman II
63.6%
% Correct
Edge of Tomorrow
60.4%
Pacific Rim
51.8%
The Thing
46.9%
The Day the Earth Stood Still
46.9%
The Faculty
36.5%
Evolution
34.3%
They Live
25.4%
Invasion of the Body Snatchers
20.5%
Star Trek IV: The Voyage Home
20.1%
Plan 9 From Outer Space
18%

You're not logged in!

Compare scores with friends on all Sporcle quizzes.
Join for Free
OR
Log In

You Might Also Like...

Show Comments

Extras

Top Quizzes Today


Score Distribution

Your Account Isn't Verified!

In order to create a playlist on Sporcle, you need to verify the email address you used during registration. Go to your Sporcle Settings to finish the process.

Report this User

Report this user for behavior that violates our Community Guidelines.

Details: